| 000 | 01818nam a2200529 i 4500 | ||
|---|---|---|---|
| 001 | 3121 | ||
| 003 | KOSZ 005 | ||
| 005 | 20211206120139.0 | ||
| 008 | 981103s1986 pl a f f |000 0 pol | ||
| 015 | _aUWD 1986/2364 | ||
| 035 | _a991007593079705066 | ||
| 035 | _a(PL-WaBN)b11968795-48omnis_nlop | ||
| 035 | _ab11968795 | ||
| 035 | _a(OCoLC)297658124 | ||
| 035 | _a(PL)b0000001196879 | ||
| 035 | _a(EXLNZ-48OMNIS_NETWORK)9910279054905606 | ||
| 040 |
_aWA N _cWA N _dWA N _dKR U _dKOSZ 005/HR |
||
| 041 | 0 | _apol | |
| 046 | _k1986 | ||
| 080 | _a624.1 | ||
| 080 | _a519.8 | ||
| 080 | _a(075.8) | ||
| 100 | 1 |
_aJaworski, Kazimierz Maksymilian _d(1943-2007) _eAutor |
|
| 245 | 1 | 0 |
_aMatematyczne metody projektowania robót ziemnych / _cKazimierz M. Jaworski, Zygmunt Orłowski. |
| 260 |
_aBiałystok : _bWydawnictwa PB, _c1985. |
||
| 300 |
_a121 s. : _brys., wykr. ; _c24 cm. |
||
| 336 |
_aTekst _btxt _2rdacontent |
||
| 337 |
_aBez urządzenia pośredniczącego _bn _2rdamedia |
||
| 338 |
_aWolumin _bnc _2rdacarrier |
||
| 380 | _aKsiążki | ||
| 380 | _aPublikacje dydaktyczne | ||
| 385 |
_mPoziom nauczania _aSzkoły wyższe |
||
| 388 | _a1901-2000 | ||
| 388 | _a1945-1989 | ||
| 490 | 1 | _aSkrypt / Politechnika Białostocka | |
| 504 | _aBibliogr. przy rozdz. | ||
| 650 | 7 |
_aRoboty ziemne _2DBN |
|
| 650 | 7 | _aProjektowanie | |
| 655 | 7 |
_aPodręczniki akademickie _2DBN |
|
| 658 | _aArchitektura i budownictwo | ||
| 700 | 1 |
_aOrłowski, Zygmunt _d(1947-2018) _eAutor |
|
| 710 | 2 |
_aOficyna Wydawnicza Politechniki Białostockiej _4pbl |
|
| 830 | 0 | _aSkrypty - Politechnika Białostocka | |
| 856 |
_uhttp://koha.tu.koszalin.pl/cgi-bin/koha/opac-detail.pl?biblionumber=3121 _yKatalog online BPK |
||
| 942 |
_2UKD _cKS |
||
| 999 |
_c3121 _d3121 |
||